[Event "III Festival A"]
[Site "Lido degli Estensi - Comacchio ITA"]
[Date "2002.06.07"]
[Round "1"]
[White "Navarro, Stefano"]
[Black "Dervishi, Erald"]
[Result "0-1"]
[WhiteElo "2148"]
[BlackElo "2523"]
[PlyCount "114"]
[EventDate "2002.06.07"]

1. e4 e5 2. Nf3 Nc6 3. Bc4 Nf6 4. d3 Be7 5. Nc3 O-O 6. O-O d6 7. h3 Na5 8. Bb3
Nxb3 9. axb3 c5 10. Bg5 Be6 11. Qe1 Qd7 12. Nh2 Nh5 13. Bd2 g6 14. Bh6 Ng7 15.
f4 exf4 16. Bxf4 f5 17. e5 a6 18. Nf3 Nh5 19. Bg5 Rae8 20. Bxe7 Rxe7 21. Qf2
Bf7 22. Rfe1 Rfe8 23. exd6 Qxd6 24. Rxe7 Rxe7 25. Re1 Nf4 26. Rxe7 Qxe7 27. Na4
Ne6 28. Qe3 Qd6 29. Ne5 b5 30. Nxf7 Kxf7 31. Nc3 Nd4 32. Qf2 Qe5 33. Kf1 Kg7
34. Nd1 f4 35. Nc3 Nf5 36. Ne4 Ne3+ 37. Kg1 g5 38. c3 Qd5 39. Qe2 c4 40. bxc4
bxc4 41. Nd2 cxd3 42. Qf3 Qxf3 43. gxf3 Nd1 44. Nc4 Kf6 45. b3 Nxc3 46. Kf1 Ne2
47. Nb2 Nc1 48. Ke1 Nxb3 49. Nxd3 Nd4 50. Nc5 a5 51. Kf2 Ke5 52. Kg2 Kd5 53.
Na4 Kc4 54. h4 gxh4 55. Kh3 Kb4 56. Nb2 a4 57. Nd3+ Kc3 0-1

[Event "III Festival A"]
[Site "Lido degli Estensi - Comacchio ITA"]
[Date "2002.06.07"]
[Round "1"]
[White "Nevednichy, Vladislav"]
[Black "Cedikova, Katerina"]
[Result "1-0"]
[WhiteElo "2560"]
[BlackElo "2168"]
[PlyCount "79"]
[EventDate "2002.06.07"]

1. e4 c5 2. Nf3 Nc6 3. Bb5 g6 4. Bxc6 dxc6 5. d3 Bg7 6. h3 Nf6 7. Nc3 O-O 8.
Be3 b6 9. Qd2 Re8 10. Bh6 e5 11. Bxg7 Kxg7 12. Qe3 Qd6 13. Ne2 Be6 14. Nd2 Rad8
15. b3 b5 16. Nf3 h6 17. O-O a6 18. Rad1 Bc8 19. c3 Qe7 20. Ng3 Bb7 21. Rfe1
Kh7 22. Rd2 Rd7 23. Nh2 Red8 24. Red1 Ba8 25. f3 Bb7 26. f4 exf4 27. Qxf4 c4
28. bxc4 bxc4 29. d4 a5 30. Rf1 Ng8 31. Ng4 Rf8 32. Rb2 Ba6 33. e5 Rd5 34. Ne4
g5 35. Ngf6+ Nxf6 36. Nxf6+ Kg7 37. Qf5 Rh8 38. Rb8 Rdd8 39. Rxd8 Qxd8 40. Nh5+
1-0

[Event "III Festival A"]
[Site "Lido degli Estensi - Comacchio ITA"]
[Date "2002.06.07"]
[Round "1"]
[White "Opacic, Alexandar"]
[Black "Georgiev, Vladimir"]
[Result "0-1"]
[WhiteElo "2098"]
[BlackElo "2502"]
[PlyCount "74"]
[EventDate "2002.06.07"]

1. e4 c5 2. Nf3 Nc6 3. d4 cxd4 4. Nxd4 Qb6 5. Nb3 Nf6 6. Nc3 e6 7. Be3 Qc7 8.
Be2 Bb4 9. f3 d5 10. O-O dxe4 11. Nb5 Qb8 12. fxe4 O-O 13. Bd3 Rd8 14. Rxf6
gxf6 15. Qg4+ Kf8 16. Qh4 a6 17. Bf4 e5 18. Bh6+ Ke8 19. Nc3 Bxc3 20. bxc3 Qa7+
21. Kh1 Rd6 22. Bc1 Ne7 23. Ba3 Rc6 24. Qxh7 Be6 25. Rd1 Kd7 26. Bb5+ Kc7 27.
Bxc6 Qf2 28. Bxe7 Kxc6 29. Qh5 Re8 30. Bd8 Rxd8 31. Rb1 b6 32. Qf3 Qxc2 33. Rg1
Rd6 34. Nc1 Bc4 35. h4 Qd2 36. h5 Qg5 37. g4 Qh4+ 0-1

[Event "III Festival A"]
[Site "Lido degli Estensi - Comacchio ITA"]
[Date "2002.06.07"]
[Round "1"]
[White "Timoscenko, Gennadij A."]
[Black "Poropat, Marijan"]
[Result "1-0"]
[WhiteElo "2522"]
[BlackElo "2135"]
[PlyCount "65"]
[EventDate "2002.06.07"]

1. Nf3 g6 2. d4 d6 3. c4 Bg7 4. Nc3 Bg4 5. e3 c5 6. Be2 cxd4 7. exd4 Nc6 8. Be3
Nf6 9. O-O O-O 10. h3 Bf5 11. d5 Nb8 12. Nd4 Bc8 13. b4 a5 14. a3 Na6 15. Qb3
Ne8 16. Rac1 f5 17. f4 Nf6 18. Ndb5 Bd7 19. c5 Bxb5 20. Bxb5 dxc5 21. bxc5 Kh8
22. Bxa6 bxa6 23. Rfd1 Rb8 24. Qc4 Nh5 25. Qxa6 g5 26. Ne2 Rb3 27. Bf2 Nxf4 28.
Nxf4 gxf4 29. Rd3 Rb2 30. Qc4 Qc7 31. Rf3 Be5 32. Bd4 Rg8 33. Bxb2 1-0

[Event "III Festival A"]
[Site "Lido degli Estensi - Comacchio ITA"]
[Date "2002.06.07"]
[Round "1"]
[White "Van Hoolandt, Patrick"]
[Black "Sulava, Nenad"]
[Result "0-1"]
[WhiteElo "2157"]
[BlackElo "2548"]
[PlyCount "72"]
[EventDate "2002.06.07"]

1. c4 g6 2. g3 Bg7 3. Bg2 e6 4. Nc3 Ne7 5. e4 c5 6. Nge2 Nbc6 7. a3 O-O 8. d3
a6 9. Rb1 d5 10. exd5 exd5 11. cxd5 Ne5 12. Bg5 Bg4 13. Bxe7 Qxe7 14. h3 Bf5
15. Be4 Bc8 16. f4 Nd7 17. O-O Nf6 18. Bg2 h5 19. Qd2 Bf5 20. Rbe1 Qd7 21. Kh2
b5 22. Ne4 c4 23. dxc4 Nxe4 24. Qb4 bxc4 25. g4 hxg4 26. hxg4 Rfb8 27. Qa5 Rb5
28. Qa4 Nc5 29. Qxc4 Bd3 30. Qc1 Qxg4 31. Qe3 Rxb2 32. Qxc5 Rxe2 33. Rxe2 Bxe2
34. Rf2 Bb5 35. d6 Rd8 36. Bh3 Qh4 0-1

[Event "III Festival A"]
[Site "Lido degli Estensi - Comacchio ITA"]
[Date "2002.06.07"]
[Round "1"]
[White "Vospernik, Andrej"]
[Black "Chatalbashev, Boris"]
[Result "1/2-1/2"]
[WhiteElo "2150"]
[BlackElo "2537"]
[PlyCount "107"]
[EventDate "2002.06.07"]

1. e4 g6 2. d4 Bg7 3. f4 c5 4. c3 cxd4 5. cxd4 Nf6 6. Nc3 d6 7. Bb5+ Nfd7 8.
Nf3 O-O 9. O-O a6 10. Be2 b5 11. f5 Bb7 12. fxg6 hxg6 13. a3 Nf6 14. e5 dxe5
15. Nxe5 Nc6 16. Be3 Nxe5 17. dxe5 Nd5 18. Nxd5 Qxd5 19. Qxd5 Bxd5 20. Bf4 Rac8
21. Rac1 Bb3 22. Bf3 a5 23. Be2 b4 24. axb4 axb4 25. Ba6 Rc2 26. Bd3 Rxc1 27.
Rxc1 Rd8 28. Bc4 Rd4 29. Bxb3 Rxf4 30. Rc8+ Kh7 31. Rc4 Rxc4 32. Bxc4 e6 33. h3
Bxe5 34. b3 Kg7 35. Kf2 Bd4+ 36. Kf3 e5 37. Bd5 f5 38. Ba8 Kf6 39. Bd5 e4+ 40.
Ke2 g5 41. Bc6 Ke5 42. Ba8 Kf4 43. Bd5 Kg3 44. Kf1 Bc5 45. Bc6 Kf4 46. Ke2 Ke5
47. Bb7 Kd4 48. Bc8 f4 49. Be6 Kc3 50. Bd5 Bg1 51. Be6 Kd4 52. Bc8 Ke5 53. Bb7
Kf5 54. Bc6 1/2-1/2

[Event "III Festival A"]
[Site "Lido degli Estensi - Comacchio ITA"]
[Date "2002.06.07"]
[Round "1"]
[White "Zelcic, Robert"]
[Black "Valenti, Richard"]
[Result "1-0"]
[WhiteElo "2547"]
[BlackElo "2152"]
[PlyCount "97"]
[EventDate "2002.06.07"]

1. e4 g6 2. d4 c6 3. Nc3 Bg7 4. Nf3 d5 5. h3 Nf6 6. e5 Ne4 7. Nxe4 dxe4 8. Ng5
c5 9. e6 f6 10. Nf7 Qxd4 11. Nxh8 Bxe6 12. Nxg6 hxg6 13. Bb5+ Kf7 14. O-O a6
15. Be2 Nc6 16. c3 Qxd1 17. Rxd1 Ne5 18. b3 b5 19. Be3 Rc8 20. b4 cxb4 21. cxb4
Bc4 22. Bxc4+ Rxc4 23. Rd4 Nd3 24. Rxc4 bxc4 25. Bd4 f5 26. Bxg7 Kxg7 27. a4
Nxb4 28. Rc1 Nd3 29. Rxc4 a5 30. Rc7 Nb2 31. Rxe7+ Kf6 32. Ra7 Nxa4 33. Rxa5
Nb2 34. Ra6+ Kg5 35. g3 Nd3 36. Kf1 Ne5 37. Ke2 Nf3 38. Ke3 Ng1 39. h4+ Kh5 40.
Ra8 Kh6 41. Ra1 Nf3 42. Kf4 Nh2 43. h5 Ng4 44. hxg6 Kxg6 45. Ra6+ Kf7 46. Kxf5
Nxf2 47. Ra7+ Ke8 48. Ra2 Nh1 49. Kf4 1-0

[Event "III Festival A"]
[Site "Lido degli Estensi - Comacchio ITA"]
[Date "2002.06.08"]
[Round "2"]
[White "Brumen, Dinko"]
[Black "Nevednichy, Vladislav"]
[Result "0-1"]
[WhiteElo "2408"]
[BlackElo "2560"]
[PlyCount "62"]
[EventDate "2002.06.07"]

1. d4 Nf6 2. Bg5 c6 3. Bxf6 gxf6 4. e3 Qb6 5. b3 d5 6. Qh5 e6 7. Bd3 a5 8. Ne2
a4 9. O-O axb3 10. cxb3 Na6 11. Nbc3 Nb4 12. Bb1 h6 13. a3 Na6 14. e4 Nc7 15.
exd5 Nxd5 16. Nxd5 cxd5 17. Qf3 f5 18. Nf4 Qxd4 19. Bxf5 Bd6 20. Ne2 Qf6 21.
Bg4 Qxf3 22. Bxf3 Rxa3 23. Rxa3 Bxa3 24. Nd4 Bb2 25. Nb5 Ke7 26. Rb1 Be5 27.
Re1 Kf6 28. Bh5 Bd7 29. Na3 Rc8 30. g3 Rc3 31. Bxf7 Rxb3 0-1

[Event "III Festival A"]
[Site "Lido degli Estensi - Comacchio ITA"]
[Date "2002.06.08"]
[Round "2"]
[White "Bukal, Vladimir sr"]
[Black "Berni, Giorgio"]
[Result "1/2-1/2"]
[WhiteElo "2432"]
[BlackElo "2198"]
[PlyCount "81"]
[EventDate "2002.06.07"]

1. c4 Nf6 2. Nc3 e6 3. Nf3 d5 4. e3 c5 5. d4 a6 6. cxd5 exd5 7. Be2 Nc6 8. O-O
Bd6 9. dxc5 Bxc5 10. b3 O-O 11. Bb2 Bg4 12. Rc1 Ba7 13. Nd4 Bxd4 14. Bxg4 Be5
15. Bf3 Qd6 16. g3 Rad8 17. Qd3 d4 18. exd4 Bxd4 19. Qb1 Ne5 20. Be2 Nfg4 21.
Bxg4 Nxg4 22. Qf5 Nf6 23. Rfd1 Qe5 24. Qf3 Rfe8 25. Rd2 Rc8 26. Re2 Qb8 27.
Rce1 b5 28. Nd1 Bxb2 29. Nxb2 Rxe2 30. Rxe2 Re8 31. Rc2 Rc8 32. Rc6 Qa8 33. Rc5
Qb8 34. Nd3 Rxc5 35. Nxc5 Qc8 36. b4 a5 37. bxa5 Qxc5 38. a6 Qd5 39. Qa3 Qd1+
40. Kg2 Qd5+ 41. f3 1/2-1/2

[Event "III Festival A"]
[Site "Lido degli Estensi - Comacchio ITA"]
[Date "2002.06.08"]
[Round "2"]
[White "Cebalo, Miso"]
[Black "Olarasu, Gabriela"]
[Result "1-0"]
[WhiteElo "2515"]
[BlackElo "2289"]
[PlyCount "73"]
[EventDate "2002.06.07"]

1. d4 d5 2. c4 c6 3. Nf3 Nf6 4. Nc3 a6 5. a4 e6 6. Bg5 Nbd7 7. cxd5 exd5 8. e3
Be7 9. Bd3 O-O 10. O-O Re8 11. Qc2 Nf8 12. h3 Be6 13. Rab1 a5 14. Bxf6 Bxf6 15.
b4 axb4 16. Rxb4 Bc8 17. e4 dxe4 18. Nxe4 Be7 19. Rbb1 Ne6 20. Rfe1 g6 21. Bc4
Qa5 22. Bb3 Rd8 23. Bxe6 fxe6 24. Qb2 Qf5 25. Nc3 Bf6 26. Qb4 Bg7 27. Ne5 Qf8
28. Qc4 Ra5 29. Re4 Bxe5 30. Rxe5 Rxe5 31. dxe5 Qf5 32. Re1 Rd2 33. Qc5 Qc2 34.
Re4 Rd3 35. Rc4 Qb2 36. Kh2 Bd7 37. Rf4 1-0

[Event "III Festival A"]
[Site "Lido degli Estensi - Comacchio ITA"]
[Date "2002.06.08"]
[Round "2"]
[White "Chatalbashev, Boris"]
[Black "Lain, Luigi"]
[Result "1-0"]
[WhiteElo "2537"]
[BlackElo "2164"]
[PlyCount "91"]
[EventDate "2002.06.07"]

1. d4 d5 2. c4 e6 3. Nc3 Nf6 4. cxd5 exd5 5. Bg5 Nbd7 6. e3 c6 7. Bd3 Be7 8.
Qc2 h6 9. Bh4 Nh5 10. Bxe7 Qxe7 11. Nge2 Nb6 12. O-O-O Bd7 13. Kb1 O-O-O 14. g4
Nf6 15. h3 Kb8 16. Ng3 g6 17. Rhe1 Qd6 18. f4 Rde8 19. Qf2 h5 20. g5 h4 21. Nf1
Nh5 22. Nh2 Bxh3 23. Qxh4 Ng7 24. Qf2 Bf5 25. Nf3 Nc4 26. Ne5 Nxe5 27. dxe5 Qc5
28. Bxf5 Nxf5 29. Rc1 Qb6 30. Na4 Qb4 31. Nc5 Rh3 32. Rc3 Ka8 33. Rec1 b6 34.
a3 Qb5 35. Rb3 Qa5 36. e4 Rxb3 37. Nxb3 Qa4 38. exf5 Qxb3 39. fxg6 fxg6 40.
Rxc6 Rh8 41. Rc1 Rf8 42. Qd4 Qf3 43. e6 Re8 44. Re1 Re7 45. Ka2 Kb7 46. Qf6 1-0

[Event "III Festival A"]
[Site "Lido degli Estensi - Comacchio ITA"]
[Date "2002.06.08"]
[Round "2"]
[White "Dervishi, Erald"]
[Black "Peek, Marcel"]
[Result "0-1"]
[WhiteElo "2523"]
[BlackElo "2345"]
[PlyCount "72"]
[EventDate "2002.06.07"]

1. e4 c5 2. Nf3 d6 3. d4 cxd4 4. Nxd4 Nf6 5. Nc3 Nc6 6. Bc4 e6 7. Be3 a6 8. Qe2
Qc7 9. O-O-O Na5 10. Bb3 b5 11. f3 Nd7 12. g4 Nc5 13. Bg5 h6 14. Bh4 b4 15. Nd5
exd5 16. exd5+ Be7 17. Rde1 g5 18. Bf2 Kf8 19. h4 Naxb3+ 20. axb3 gxh4 21. Rhg1
Bf6 22. f4 Bd7 23. g5 hxg5 24. fxg5 Be5 25. g6 Rg8 26. Qf3 Be8 27. Nf5 f6 28.
g7+ Rxg7 29. Rxg7 Qxg7 30. Nxg7 Kxg7 31. Rg1+ Kf8 32. Bxc5 dxc5 33. d6 Rd8 34.
Qb7 Rd7 35. Qd5 Rxd6 36. Qg8+ Ke7 0-1

[Event "III Festival A"]
[Site "Lido degli Estensi - Comacchio ITA"]
[Date "2002.06.08"]
[Round "2"]
[White "Dickhoff, Ronald"]
[Black "Kohlweyer, Bernd"]
[Result "1/2-1/2"]
[WhiteElo "2230"]
[BlackElo "2453"]
[PlyCount "62"]
[EventDate "2002.06.07"]

1. d4 Nf6 2. Nf3 e6 3. c4 d5 4. Bg5 h6 5. Bxf6 Qxf6 6. Nc3 c6 7. e3 Nd7 8. Bd3
dxc4 9. Bxc4 g6 10. O-O Qe7 11. a3 Bg7 12. Rc1 O-O 13. Ba2 b6 14. Qd3 Rd8 15.
Rfd1 Bb7 16. Qe4 Rac8 17. b4 Ba8 18. Qf4 Nf6 19. e4 Nd7 20. Qe3 Kh7 21. h3 Bb7
22. Qe2 Ra8 23. e5 c5 24. bxc5 Bxf3 25. gxf3 Qg5+ 26. Kf1 bxc5 27. Ne4 Qh4 28.
Nxc5 Qxh3+ 29. Kg1 h5 30. Qe4 Bh6 31. Rc2 Nxc5 1/2-1/2

[Event "III Festival A"]
[Site "Lido degli Estensi - Comacchio ITA"]
[Date "2002.06.08"]
[Round "2"]
[White "Efimov, Igor"]
[Black "Groffen, Hans"]
[Result "1-0"]
[WhiteElo "2446"]
[BlackElo "2230"]
[PlyCount "41"]
[EventDate "2002.06.07"]

1. c4 b6 2. Nc3 e6 3. Nf3 Bb7 4. e4 Bb4 5. Bd3 Ne7 6. Ne2 f5 7. Ng3 fxe4 8.
Bxe4 Bxe4 9. Nxe4 Nf5 10. O-O O-O 11. d4 Be7 12. Re1 Nc6 13. d5 Nb4 14. a3 exd5
15. cxd5 Na6 16. b4 Bf6 17. Ra2 c5 18. dxc6 dxc6 19. Rd2 Qc8 20. Qb3+ Kh8 21.
Nfg5 1-0

[Event "III Festival A"]
[Site "Lido degli Estensi - Comacchio ITA"]
[Date "2002.06.08"]
[Round "2"]
[White "Gasperi, Fosco"]
[Black "Skembris, Spyridon"]
[Result "0-1"]
[WhiteElo "1824"]
[BlackElo "2429"]
[PlyCount "125"]
[EventDate "2002.06.07"]

1. d4 c5 2. d5 e5 3. e4 d6 4. Be2 Be7 5. Nf3 Nf6 6. Nc3 O-O 7. O-O Ne8 8. a4
Kh8 9. Nd2 Bg5 10. Nc4 Bxc1 11. Qxc1 Nd7 12. f4 Qe7 13. Bg4 exf4 14. Bxd7 Bxd7
15. Qxf4 f6 16. Rae1 Kg8 17. Qh4 Qd8 18. Qf4 Qe7 19. b3 a6 20. Nd1 b5 21. Nb6
Ra7 22. Nc3 Qd8 23. a5 b4 24. Nd1 Bb5 25. Rf3 Qe7 26. Nc8 Qc7 27. Nxa7 Qxa7 28.
e5 g5 29. Qd2 dxe5 30. Ne3 Nd6 31. Ng4 Qg7 32. c4 Bd7 33. Nf2 f5 34. Rfe3 e4
35. R3e2 h5 36. Kh1 h4 37. Qe3 Rc8 38. Qd2 Re8 39. Qc1 Qf6 40. Qe3 Nb7 41. g4
hxg3 42. Qxg3 f4 43. Qg1 e3 44. Ng4 Bxg4 45. Qxg4 Nd6 46. Qf3 Nf5 47. Qh5 Ng7
48. Qf3 Re5 49. Rxe3 Rxe3 50. Rxe3 Qa1+ 51. Kg2 fxe3 52. Qxe3 Qb2+ 53. Kf1 Qxh2
54. Qxc5 Qh3+ 55. Kg1 Qxb3 56. d6 Qg3+ 57. Kf1 b3 58. Qd5+ Kh7 59. d7 Qh3+ 60.
Ke2 Ne6 61. Qe4+ Kg7 62. Qe5+ Kf7 63. Qb8 0-1

[Event "III Festival A"]
[Site "Lido degli Estensi - Comacchio ITA"]
[Date "2002.06.08"]
[Round "2"]
[White "Gatta, Giorgio"]
[Black "Laketic, Gojko"]
[Result "0-1"]
[WhiteElo "1867"]
[BlackElo "2446"]
[PlyCount "74"]
[EventDate "2002.06.07"]

1. e4 Nf6 2. e5 Nd5 3. d4 d6 4. Nf3 Bg4 5. Be2 e6 6. O-O Be7 7. c4 Nb6 8. Nc3
O-O 9. Be3 N8d7 10. exd6 cxd6 11. b3 f5 12. Ne1 Bxe2 13. Nxe2 e5 14. f4 g5 15.
g3 Nf6 16. h3 Ne4 17. Kh2 exf4 18. gxf4 g4 19. hxg4 fxg4 20. Ng3 Nf6 21. Qd3 d5
22. c5 Nbd7 23. Qf5 Kh8 24. Nd3 Qe8 25. Rae1 Rd8 26. Bc1 Nb8 27. Qe6 Nc6 28. b4
Rd7 29. Bb2 Qg6 30. Ne5 Qh6+ 31. Kg1 Qh3 32. Re3 Ne4 33. Qxg4 Qxg4 34. Nxg4
Nxg3 35. Rxg3 Nxb4 36. Ne5 Rc7 37. Kg2 Nc6 0-1

[Event "III Festival A"]
[Site "Lido degli Estensi - Comacchio ITA"]
[Date "2002.06.08"]
[Round "2"]
[White "Georgiev, Vladimir"]
[Black "Molina, Fabrizio"]
[Result "1-0"]
[WhiteElo "2502"]
[BlackElo "2278"]
[PlyCount "67"]
[EventDate "2002.06.07"]

1. d4 e6 2. c4 d5 3. Nc3 c5 4. e3 Nc6 5. Nf3 Nf6 6. cxd5 exd5 7. Be2 Be7 8. O-O
O-O 9. dxc5 Bxc5 10. b3 Be6 11. Bb2 Rc8 12. Rc1 Be7 13. Nd4 Qd6 14. Nxc6 Rxc6
15. Nb5 Qb8 16. Rxc6 bxc6 17. Nd4 Bd7 18. Qc2 Bd6 19. g3 Re8 20. Bf3 c5 21. Ne2
Ne4 22. Rd1 Bc6 23. Nc3 Be5 24. Nxd5 Bxb2 25. Bxe4 Qe5 26. Ne7+ Rxe7 27. Bxc6
Qc7 28. Qxb2 Qxc6 29. Rd8+ Re8 30. Qd2 h6 31. Qd7 Qxd7 32. Rxd7 c4 33. bxc4 Rc8
34. Rd4 1-0

[Event "III Festival A"]
[Site "Lido degli Estensi - Comacchio ITA"]
[Date "2002.06.08"]
[Round "2"]
[White "Glek, Igor V."]
[Black "Tatai, Stefano"]
[Result "1-0"]
[WhiteElo "2605"]
[BlackElo "2358"]
[PlyCount "69"]
[EventDate "2002.06.07"]

1. e4 e6 2. d4 d5 3. Nd2 dxe4 4. Nxe4 Bd7 5. Nf3 Bc6 6. Bd3 Nd7 7. O-O Ngf6 8.
Ned2 Nb6 9. Ne5 Qxd4 10. Nxc6 bxc6 11. Qf3 Nbd5 12. c4 Nb4 13. Bb1 Qg4 14. Qb3
a5 15. a3 a4 16. Qc3 Na6 17. Qa5 Bd6 18. Qxa4 O-O 19. Qxc6 Nc5 20. Bc2 Rfb8 21.
Rb1 Ra6 22. Qf3 Qxf3 23. Nxf3 Nb3 24. Be3 c5 25. Rfd1 e5 26. Bxb3 Rxb3 27. Nxe5
h6 28. Nd3 Nd7 29. Rbc1 Rc6 30. Rc2 Ne5 31. Nc1 Rb7 32. h3 Ng6 33. Nd3 Nf8 34.
b4 cxb4 35. axb4 1-0

[Event "III Festival A"]
[Site "Lido degli Estensi - Comacchio ITA"]
[Date "2002.06.08"]
[Round "2"]
[White "Iordachescu, Viorel"]
[Black "Genocchio, Daniele"]
[Result "1-0"]
[WhiteElo "2555"]
[BlackElo "2326"]
[PlyCount "75"]
[EventDate "2002.06.07"]

1. e4 c5 2. Nf3 Nc6 3. d4 cxd4 4. Nxd4 Nf6 5. Nc3 e5 6. Ndb5 d6 7. Nd5 Nxd5 8.
exd5 Nb8 9. Qf3 a6 10. Qa3 Be7 11. Bg5 f6 12. Bd2 a5 13. Qc3 Na6 14. Qxa5 b6
15. Qa4 O-O 16. c4 Bf5 17. Qd1 Qe8 18. b4 Qg6 19. Qb3 Bd7 20. Qg3 Qf7 21. Be2
f5 22. O-O f4 23. Qf3 Kh8 24. a4 g5 25. Qh5 Qg7 26. Bg4 Be8 27. Qh3 Rf6 28. a5
Bd8 29. axb6 Bxb6 30. Ra3 h5 31. Rfa1 Qh7 32. Be1 Rh6 33. Bf5 Qb7 34. Be6 g4
35. Bxg4 Bxb5 36. cxb5 Nc7 37. Rxa8+ Nxa8 38. Bf3 1-0

[Event "III Festival A"]
[Site "Lido degli Estensi - Comacchio ITA"]
[Date "2002.06.08"]
[Round "2"]
[White "Isonzo, David"]
[Black "Galego, Luis"]
[Result "1/2-1/2"]
[WhiteElo "2360"]
[BlackElo "2532"]
[PlyCount "45"]
[EventDate "2002.06.07"]

1. e4 c5 2. Nf3 e6 3. d4 cxd4 4. Nxd4 a6 5. Bd3 Nc6 6. Nxc6 dxc6 7. Nd2 e5 8.
Nc4 Nf6 9. O-O Nd7 10. a4 a5 11. Qh5 Be7 12. f4 exf4 13. Bxf4 O-O 14. e5 g6 15.
Qf3 Bg5 16. e6 fxe6 17. Qg4 Bxf4 18. Rxf4 Nf6 19. Qg5 Nd5 20. Rxf8+ Qxf8 21.
Bxg6 hxg6 22. Rf1 Qg7 23. Qd8+ 1/2-1/2

[Event "III Festival A"]
[Site "Lido degli Estensi - Comacchio ITA"]
[Date "2002.06.08"]
[Round "2"]
[White "Jaracz, Barbara"]
[Black "Jaracz, Pawel"]
[Result "1/2-1/2"]
[WhiteElo "2288"]
[BlackElo "2506"]
[PlyCount "24"]
[EventDate "2002.06.07"]

1. e4 e5 2. Nf3 Nc6 3. Bb5 a6 4. Ba4 Nf6 5. O-O Be7 6. Re1 b5 7. Bb3 d6 8. c3
O-O 9. h3 Bb7 10. d4 Re8 11. Nbd2 Bf8 12. a4 h6 1/2-1/2

[Event "III Festival A"]
[Site "Lido degli Estensi - Comacchio ITA"]
[Date "2002.06.08"]
[Round "2"]
[White "Kort, Jacob"]
[Black "Chabanon, Jean-Luc"]
[Result "0-1"]
[WhiteElo "2250"]
[BlackElo "2483"]
[PlyCount "50"]
[EventDate "2002.06.07"]

1. d4 Nf6 2. c4 e6 3. Nc3 Bb4 4. Qc2 O-O 5. a3 Bxc3+ 6. Qxc3 Ne4 7. Qc2 f5 8.
g3 b6 9. Bg2 Bb7 10. b3 Qe8 11. Nh3 Nc6 12. e3 Nd8 13. Bb2 d6 14. O-O Nf6 15.
f3 Nf7 16. Rae1 Qd7 17. Nf4 e5 18. dxe5 dxe5 19. Rd1 Qc6 20. Nd5 Nxd5 21. Rxd5
Qh6 22. Rd7 Qxe3+ 23. Kh1 Qc5 24. b4 Qc6 25. Re7 Qd6 0-1

[Event "III Festival A"]
[Site "Lido degli Estensi - Comacchio ITA"]
[Date "2002.06.08"]
[Round "2"]
[White "Lamoureux, Charles"]
[Black "Zelcic, Robert"]
[Result "0-1"]
[WhiteElo "2386"]
[BlackElo "2547"]
[PlyCount "124"]
[EventDate "2002.06.07"]

1. d4 Nf6 2. Nf3 e6 3. Bg5 h6 4. Bh4 c5 5. e3 b6 6. Nbd2 Bb7 7. Bd3 Be7 8. c3
O-O 9. O-O Nc6 10. Re1 Rc8 11. h3 d5 12. Qe2 Ne4 13. Bxe7 Nxe7 14. Rad1 c4 15.
Bc2 b5 16. Nxe4 dxe4 17. Nd2 f5 18. f3 exf3 19. Nxf3 Nd5 20. e4 Nf4 21. Qe3
fxe4 22. Bxe4 Bxe4 23. Qxe4 Rf6 24. Ne5 Qd6 25. Rf1 Rcf8 26. Rf3 Qd5 27. Re1
Qxe4 28. Rxe4 Nd5 29. Re1 Rc8 30. Ref1 b4 31. cxb4 Rxf3 32. Rxf3 Nxb4 33. Ra3
Nc2 34. Rxa7 Nxd4 35. Ra4 c3 36. bxc3 Ne2+ 37. Kf2 Nxc3 38. Ra6 Rf8+ 39. Ke1
Nd5 40. g3 Rb8 41. h4 Nf6 42. Rxe6 Nh5 43. Kf2 Ra8 44. g4 Rxa2+ 45. Ke3 Ra3+
46. Ke4 Ng3+ 47. Kd5 Ra5+ 48. Kd4 Ra8 49. h5 Kh7 50. Ke3 Ra3+ 51. Kf4 Ne2+ 52.
Ke4 Ra4+ 53. Ke3 Nc3 54. Re8 Nd5+ 55. Kd3 Nf6 56. Rb8 Nxg4 57. Ng6 Ne5+ 58.
Nxe5 Rh4 59. Ng6 Rxh5 60. Nf8+ Kg8 61. Ng6+ Kf7 62. Nf4 Re5 0-1

[Event "III Festival A"]
[Site "Lido degli Estensi - Comacchio ITA"]
[Date "2002.06.08"]
[Round "2"]
[White "Mrdja, Milan"]
[Black "Roberti, Ignazio"]
[Result "1-0"]
[WhiteElo "2411"]
[BlackElo "1769"]
[PlyCount "41"]
[EventDate "2002.06.07"]

1. e4 c5 2. Nf3 Nf6 3. e5 Nd5 4. Nc3 e6 5. Ne4 Qc7 6. c4 Nb6 7. b3 Nc6 8. Bb2
Be7 9. Bd3 a6 10. O-O h6 11. Qe2 O-O 12. Nf6+ Bxf6 13. exf6 g6 14. Qe3 Kh7 15.
Ng5+ Kg8 16. Nxe6 fxe6 17. Qxh6 Rf7 18. Qxg6+ Kf8 19. Qh6+ Kg8 20. f4 e5 21.
Rf3 1-0

[Event "III Festival A"]
[Site "Lido degli Estensi - Comacchio ITA"]
[Date "2002.06.08"]
[Round "2"]
[White "Ortega, Lexy"]
[Black "Brancaleoni, Maurizio"]
[Result "0-1"]
[WhiteElo "2463"]
[BlackElo "2246"]
[PlyCount "75"]
[EventDate "2002.06.07"]

1. d4 Nf6 2. c4 e6 3. Nf3 d5 4. e3 a6 5. Nc3 dxc4 6. a4 b6 7. Bxc4 Bb7 8. O-O
Nbd7 9. e4 Nxe4 10. Nxe4 Bxe4 11. Re1 Bxf3 12. Qxf3 Bb4 13. Bg5 Nf6 14. Bxf6
gxf6 15. Bxe6 Bxe1 16. Bd5 Bxf2+ 17. Kxf2 O-O 18. Bxa8 Qxa8 19. Qg3+ Kh8 20.
Qxc7 Rc8 21. Qxf7 Qc6 22. Re1 Qd6 23. Re8+ Rxe8 24. Qxe8+ Kg7 25. Qe4 Qb4 26.
Kf3 Qxb2 27. d5 Qa3+ 28. Kg4 Qd6 29. g3 b5 30. a5 b4 31. Qd3 Kf8 32. Kf3 Qc5
33. d6 Qc3 34. Qxc3 bxc3 35. Ke3 Kf7 36. Kd3 Ke6 37. Kxc3 Kxd6 38. Kd4 0-1

[Event "III Festival A"]
[Site "Lido degli Estensi - Comacchio ITA"]
[Date "2002.06.08"]
[Round "2"]
[White "Roeder, Matthias"]
[Black "Happel, Hendrik A."]
[Result "1/2-1/2"]
[WhiteElo "2487"]
[BlackElo "2255"]
[PlyCount "55"]
[EventDate "2002.06.07"]

1. d4 Nf6 2. c4 e6 3. Nc3 Bb4 4. e3 b6 5. Bd3 Bb7 6. Nf3 O-O 7. O-O d5 8. cxd5
exd5 9. Ne5 Bd6 10. f4 c5 11. Qf3 Nc6 12. Kh1 cxd4 13. Nxc6 Bxc6 14. exd4 Qd7
15. f5 Rfe8 16. Bf4 Ne4 17. Bxd6 Qxd6 18. Bxe4 dxe4 19. Qe3 f6 20. d5 Bb7 21.
Rf4 Rad8 22. Rd1 Qc5 23. Rd4 Bxd5 24. b4 Qc6 25. h3 Bf7 26. Rfxe4 Rxd4 27.
Rxe8+ Qxe8 28. Qxd4 1/2-1/2

[Event "III Festival A"]
[Site "Lido degli Estensi - Comacchio ITA"]
[Date "2002.06.08"]
[Round "2"]
[White "Sarno, Spartaco"]
[Black "Rotstein, Arkadij"]
[Result "1-0"]
[WhiteElo "2399"]
[BlackElo "2553"]
[PlyCount "111"]
[EventDate "2002.06.07"]

1. c4 c5 2. Nc3 Nf6 3. g3 e6 4. Nf3 b6 5. Bg2 Bb7 6. O-O Be7 7. Re1 d6 8. e4 a6
9. d4 cxd4 10. Nxd4 Qc7 11. Be3 Nbd7 12. Rc1 O-O 13. f4 h5 14. h3 Rfe8 15. Bf2
Bf8 16. Nf3 Rac8 17. b3 Qb8 18. Qe2 Nc5 19. Ng5 g6 20. Rcd1 Bh6 21. Rf1 Ncd7
22. Qd2 Bf8 23. Rc1 Ba8 24. a4 Nc5 25. Rb1 Bh6 26. Qe2 Qc7 27. Bd4 Bg7 28. Rfd1
Rcd8 29. e5 dxe5 30. Bxe5 Qa7 31. Bxa8 Qxa8 32. b4 Ncd7 33. Nf3 Nxe5 34. Nxe5
Qb7 35. b5 Nd7 36. bxa6 Qxa6 37. Nxd7 Bxc3 38. Qc2 Qxc4 39. Kh2 h4 40. Nf6+ Kf8
41. Nxe8 hxg3+ 42. Kh1 Rxe8 43. Rxb6 Rc8 44. Rbb1 Qxf4 45. Rf1 Qc4 46. Rbc1 Rc5
47. Qg2 Qxa4 48. Qf3 Rf5 49. Qxc3 Qa8+ 50. Kg1 Qa7+ 51. Kg2 Qa2+ 52. Rc2 Qd5+
53. Rf3 e5 54. Qc5+ Qxc5 55. Rxc5 e4 56. Rfxf5 1-0

[Event "III Festival A"]
[Site "Lido degli Estensi - Comacchio ITA"]
[Date "2002.06.08"]
[Round "2"]
[White "Sartori, Spartaco"]
[Black "Mitkov, Nikola"]
[Result "0-1"]
[WhiteElo "2262"]
[BlackElo "2493"]
[PlyCount "62"]
[EventDate "2002.06.07"]

1. c4 Nf6 2. Nc3 e5 3. Nf3 Nc6 4. g3 Bb4 5. Bg2 O-O 6. O-O Bxc3 7. bxc3 d6 8.
Qc2 Be6 9. d3 h6 10. e4 Qd7 11. Ne1 Nh7 12. Rb1 Rab8 13. f4 exf4 14. Bxf4 f5
15. exf5 Bxf5 16. Qb2 Bh3 17. Nf3 Nf6 18. Rbe1 Rbe8 19. Qb5 Bxg2 20. Kxg2 a6
21. Qb2 b6 22. Rxe8 Rxe8 23. Re1 Ne7 24. Kg1 Rf8 25. Qe2 Ng6 26. Bd2 Qa4 27.
Qe6+ Kh7 28. Qf5 Nd7 29. Qh5 Nde5 30. Nxe5 Nxe5 31. Bf4 Qxa2 0-1